Les plus grosses ventes du SCO - Statistiques

Statistiques générales
  • Ce quiz a été pris 14 fois
  • Le résultat moyen est 7 sur 15
Statistiques - réponses
Clubs Saisons Montants Nationalités Joueurs % Correct
Stade Rennais 2025-2026 13,5M€ France Estéban Lepaul
92%
Lille OSC 2017-2018 18M€ Côte d'Ivoire Nicolas Pépé
92%
Olympique Lyonnais 2019-2020 25M€ France Jeff Reine-Adélaïde
85%
Olympique de Marseille 2022-2023 8M€ Maroc Azzedine Ounahi
77%
Villareal 2018-2019 18M€ Cameroun Karl Toko-Ekambi
54%
Real Sociedad 2022-2023 13M€ France Mohamed-Ali Cho
54%
Wolverhampton 2021-2022 11,1M€ Algérie Rayan Aït-Nouri
54%
Fenerbahçe 2025-2026 22M€ France Sidiki Chérif
46%
SC Fribourg 2020-2021 10M€ France Baptiste Santamaria
23%
Stade Rennais 2019-2020 9M€ France Flavien Tait
23%
Eintracht Francfort 2023-2024 8M€ France Jean-Mattéo Bahoya
23%
Al-Rayyan 2022-2023 6M€ Maroc Sofiane Boufal
15%
Mayence 2022-2023 6M€ France Angelo Fulgini
8%
OGC Nice 2021-2022 7M€ Algérie Billal Brahimi
8%
Bristol City 2017-2018 6M€ Sénégal Farama Diédhiou
0%
Aucun quiz correspondant
Distribution des résultats
% des personnes avec chaque résultat
Percentile par nombre de réponses
Votre historique - résultats
Vous n’avez pas pris ce quiz